Пропуск в контексте

Основы теоретической фонетики

Пособие подготовлено на кафедре немецкой филологии в Научно-методическом фонетическом центре факультета романо-германской филологии Воронежского государственного университета. Рекомендовано для студентов немецкого отделения факультета романо-германской филологии Воронежского государственного универс...

Fuld beskrivelse

Сохранить в:
Bibliografiske detaljer
Format: Книга
Sprog:Russian
Udgivet: Воронеж ВГУ 2019
Online adgang:https://e.lanbook.com/book/405698
https://e.lanbook.com/img/cover/book/405698.jpg
Tags: Tilføj Tag
Ingen Tags, Vær først til at tagge denne postø!
LEADER 01770nam0a2200253 i 4500
001 405698
003 RuSpLAN
005 20240427144149.0
008 240427s2019 ru gs 000 0 rus
040 |a RuSpLAN 
041 0 |a rus 
044 |a ru 
080 |a 811.112.2'34(075.8) 
084 |a 81.432.4-1я73  |2 rubbk 
245 0 0 |a Основы теоретической фонетики 
260 |a Воронеж  |b ВГУ  |c 2019 
300 |a 67 с. 
504 |a Библиогр.: доступна в карточке книги, на сайте ЭБС Лань 
520 8 |a Пособие подготовлено на кафедре немецкой филологии в Научно-методическом фонетическом центре факультета романо-германской филологии Воронежского государственного университета. Рекомендовано для студентов немецкого отделения факультета романо-германской филологии Воронежского государственного университета, обучающихся по направлениям 45.03.02 – Лингвистика, профиль «Теория и методика преподавания иностранных языков и культур», бакалавр, 45.05.01 – Перевод (ЛОМО), специалист, 45.04.01. 
521 8 |a Книга из коллекции ВГУ - Языкознание и литературоведение 
521 8 |a СЭБ 
856 4 |u https://e.lanbook.com/book/405698 
856 4 8 |u https://e.lanbook.com/img/cover/book/405698.jpg 
953 |a https://e.lanbook.com/img/cover/book/405698.jpg